Les Fleuves et Rivières d'Europe - Mort subite - Statistiques

Statistiques générales
  • Ce quiz a été pris 209 fois
  • Le résultat moyen est 8 sur 17
Answers on the Grid
Answers color-coded by a green-red scale on the quiz's grid according to % correct below.
La Seine
L'Euphrate
La Volta
Le Léna
Le Rhône
Le Zambèze
L'Oka
Le Don
La Garonne
Le Brazos
L'Elbe
Le Tana
Le Pô
Le Petchora
L'Oural
Le Dniepr
La Volga
La Loire
Le Gange
L'Oder
L'Orénoque
Le Tage
Le Yukon
La Vistule
Le Colorado
Le Brahmapoutre
Le Tigre
Le Rhin
Le Vaal
Le Weser
 
Statistiques - réponses
Réponse % Correct
La Seine
99%
Le Rhône
72%
Le Rhin
65%
La Garonne
64%
La Loire
61%
L'Elbe
53%
Le Pô
53%
Le Dniepr
50%
La Volga
46%
La Vistule
39%
L'Oural
33%
Le Tage
32%
Le Don
31%
L'Oder
25%
Le Weser
15%
Le Petchora
8%
L'Oka
7%
Aucun quiz correspondant
Distribution des résultats
% des personnes avec chaque résultat
Percentile par nombre de réponses
Votre historique - résultats
Vous n’avez pas pris ce quiz